KOHA-Header-6

Income Tax Law with Practical Problems Plus Wealth Tax (Record no. 6777)

000 -LEADER
fixed length control field 00291nam a2200109Ia 4500
100 ## - MAIN ENTRY--AUTHOR NAME
Personal name Prof. Dr. K. A.Saeed
245 #0 - TITLE STATEMENT
Title Income Tax Law with Practical Problems Plus Wealth Tax
260 ## - PUBLICATION, DISTRIBUTION, ETC. (IMPRINT)
Place of publication Lahore
Name of publisher Pearson
Year of publication 1999
300 ## - PHYSICAL DESCRIPTION
Number of Pages 381
942 ## - ADDED ENTRY ELEMENTS (KOHA)
Koha item type Books
Holdings
Withdrawn status Lost status Collection code Permanent Location Current Location Shelving location Date acquired Full call number Accession Number Koha item type
    Law MAJU MAJU Shelf No.A46 2019-09-11 378.202 217 Law

Powered by Koha